000 00844nam a2200277Ia 4500
003 OSt
005 20220926014407.0
006 a|||||r|||| 00| 0
007 ta
008 220923b |||||||| |||| 00| 0 eng d
020 _a0070392218
037 _cGeneral Book
040 _aRTL
_cRTL
_beng
041 _2eng
_aeng
082 _aX:89F, L6;M3/TD3
100 _aLynch Richard M.
_9320578
245 0 _aAccounting for management
_b Planning and control
250 _a3
260 _aNew York
_bMcGraw Hill U. S. A.
_c1983
300 _axviii, 542p.
_ccm.
500 _aAppendix: P 465-537; Glossary: P 491-97
650 _aAccounting Management
700 _a Williamson Robert W.
_9320579
942 _hX:89F, L6;M3/TD3
_cGB
_2CC
999 _c628946
_d628946